000 00328nam a2200145 a 4500
008
100 _aLEVI,Primo
245 4 _aThe Periodic Table
907 _a.b10180722
_b12-02-07
_c04-11-05
003
005 20230123134127.0
040 _cNUST
049 _aMAIN
942 _cBOOKS
999 _c160517
_d160517